<?xml version="1.0" encoding="UTF-8"?>
<record
    xmlns:xsi="http://www.w3.org/2001/XMLSchema-instance"
    xsi:schemaLocation="http://www.loc.gov/MARC21/slim http://www.loc.gov/standards/marcxml/schema/MARC21slim.xsd"
    xmlns="http://www.loc.gov/MARC21/slim">

  <leader>01064nam a2200265 i 4500</leader>
  <controlfield tag="001">33132</controlfield>
  <controlfield tag="003">ES-MaACL</controlfield>
  <controlfield tag="005">20250822055318.0</controlfield>
  <controlfield tag="007">t|</controlfield>
  <controlfield tag="008">030201s1927    ag           ||||1| spa d</controlfield>
  <datafield tag="130" ind1="0" ind2=" ">
    <subfield code="a">Biblia. </subfield>
    <subfield code="l">Espa&#xF1;ol</subfield>
    <subfield code="9">119282</subfield>
  </datafield>
  <datafield tag="245" ind1="1" ind2="0">
    <subfield code="a">Biblia medieval romanceada </subfield>
    <subfield code="b">: seg&#xFA;n los manuscritos escurialenses I-j-3, I-j-8 y I-j-6 / </subfield>
    <subfield code="c">edici&#xF3;n de Am&#xE9;rico Castro, Agust&#xED;n Millares Carlos y Angel J. Battistessa.</subfield>
  </datafield>
  <datafield tag="260" ind1=" " ind2=" ">
    <subfield code="a">Buenos Aires : </subfield>
    <subfield code="b">Facultad de Filosof&#xED;a y Letras, </subfield>
    <subfield code="c">1927.</subfield>
  </datafield>
  <datafield tag="300" ind1=" " ind2=" ">
    <subfield code="a">285 p., [2] h. de l&#xE1;m. ; </subfield>
    <subfield code="c">24 cm.</subfield>
  </datafield>
  <datafield tag="505" ind1="8" ind2=" ">
    <subfield code="a">Contiene: T. I: Pentateuco / pr&#xF3;logo de Amado Alonso</subfield>
  </datafield>
  <datafield tag="630" ind1="0" ind2="4">
    <subfield code="a">Biblia. </subfield>
    <subfield code="p">A.T.-</subfield>
    <subfield code="x">Traducciones al espa&#xF1;ol.</subfield>
    <subfield code="9">153396</subfield>
  </datafield>
  <datafield tag="700" ind1="1" ind2=" ">
    <subfield code="a">Castro, Am&#xE9;rico,</subfield>
    <subfield code="d">1885-1972</subfield>
    <subfield code="9">226525</subfield>
  </datafield>
  <datafield tag="700" ind1="1" ind2=" ">
    <subfield code="a">Millares Carlo, Agust&#xED;n,</subfield>
    <subfield code="d">1893-1980</subfield>
    <subfield code="9">81176</subfield>
  </datafield>
  <datafield tag="700" ind1="1" ind2=" ">
    <subfield code="a">Battistessa, Angel J.</subfield>
    <subfield code="9">26485</subfield>
  </datafield>
  <datafield tag="700" ind1="1" ind2=" ">
    <subfield code="a">Alonso, Amado.</subfield>
    <subfield code="9">20182</subfield>
  </datafield>
  <datafield tag="740" ind1="0" ind2=" ">
    <subfield code="a">Pentateuco.</subfield>
  </datafield>
  <datafield tag="852" ind1=" " ind2=" ">
    <subfield code="a">ES-MaACL</subfield>
    <subfield code="j">B-13106 </subfield>
    <subfield code="z">.- Ded. manuscrita de Agust&#xED;n Millares Carlo</subfield>
  </datafield>
  <datafield tag="852" ind1=" " ind2=" ">
    <subfield code="a">ES-MaACL</subfield>
    <subfield code="j">B-13076</subfield>
  </datafield>
  <datafield tag="999" ind1=" " ind2=" ">
    <subfield code="c">33132</subfield>
    <subfield code="d">33132</subfield>
  </datafield>
  <datafield tag="952" ind1=" " ind2=" ">
    <subfield code="0">0</subfield>
    <subfield code="1">0</subfield>
    <subfield code="4">0</subfield>
    <subfield code="7">0</subfield>
    <subfield code="a">ATENEOM</subfield>
    <subfield code="b">ATENEOM</subfield>
    <subfield code="c">SPB</subfield>
    <subfield code="d">2012-04-11</subfield>
    <subfield code="e">SC</subfield>
    <subfield code="l">0</subfield>
    <subfield code="o">B-13076</subfield>
    <subfield code="p">1189196</subfield>
    <subfield code="r">2023-02-23 00:00:00</subfield>
    <subfield code="w">2023-02-23</subfield>
    <subfield code="y">MONOGRAFIA</subfield>
  </datafield>
  <datafield tag="952" ind1=" " ind2=" ">
    <subfield code="0">0</subfield>
    <subfield code="1">0</subfield>
    <subfield code="4">0</subfield>
    <subfield code="7">0</subfield>
    <subfield code="a">ATENEOM</subfield>
    <subfield code="b">ATENEOM</subfield>
    <subfield code="c">SPB</subfield>
    <subfield code="d">2008-01-17</subfield>
    <subfield code="e">SC</subfield>
    <subfield code="l">0</subfield>
    <subfield code="o">B-13106</subfield>
    <subfield code="p">1034439</subfield>
    <subfield code="r">2023-02-23 00:00:00</subfield>
    <subfield code="w">2023-02-23</subfield>
    <subfield code="y">MONOGRAFIA</subfield>
  </datafield>
</record>
